Viajes por Filipinas / (Record no. 156214)

MARC details
000 -LEADER
campo de control de longitud fija 00823nam a22002175i 4500
001 - NÚMERO DE CONTROL
campo de control 156214
003 - IDENTIFICADOR DE NÚMERO DE CONTROL
campo de control ES-MaACL
005 - FECHA Y HORA DE LA ÚLTIMA TRANSACCIÓN
campo de control 20250909230556.0
008 - DATOS DE LONGITUD FIJA--INFORMACIÓN GENERAL
campo de control de longitud fija 940202s1875 sp a |||| | spa d
040 ## - FUENTE DE CATALOGACIÓN
Centro catalogador/agencia de origen AR
Lengua de catalogación spa
100 1# - ENTRADA PRINCIPAL--NOMBRE DE PERSONA
Nombre de persona Jagor, Fedar (
Fechas asociadas al nombre 1816-1900)
9 (RLIN) 128255
245 10 - MENCIÓN DEL TÍTULO
Título Viajes por Filipinas /
Mención de responsabilidad, etc. de F. Jagor ; traducidos del alemán por S. Vidal y Soler.
250 ## - MENCION DE EDICION
Mención de edición Ed. ilustrada con numerosos grabados.
260 ## - PUBLICACIÓN, DISTRIBUCIÓN, ETC.
Lugar de publicación, distribución, etc. Madrid :
Nombre del editor, distribuidor, etc. [s.n.],
Fecha de publicación, distribución, etc. 1875 (
Fabricante Imp. estereotipia y galvanoplastia de Aribau y Cía, sucesores de Rivadeneira)
300 ## - DESCRIPCIÓN FÍSICA
Extensión XIX, 400 p., [8] h. de lam. :
Otras características físicas il. ;
Dimensiones 23 cm.
650 #4 - PUNTO DE ACCESO ADICIONAL DE MATERIA--TÉRMINO DE MATERIA
Término de materia o nombre geográfico como elemento de entrada Filipinas-
Subdivisión general Descripción.
9 (RLIN) 222540
700 11 - ENTRADA AGREGADA--NOMBRE PERSONAL
Nombre de persona Vidal y Soler, Sebastián,
Fechas asociadas al nombre 1842-1889
Término indicativo de función/relación
9 (RLIN) 114528
852 ## - LOCALIZACIÓN
Ubicación ES-MaACL
Número de control de estantería F-12043
Nota libre -- Enc. pasta
Holdings
Estatus retirado Estado de pérdida Estado de daño No para préstamo Colección Biblioteca de origen Biblioteca actual Ubicación en estantería Fecha de adquisición Fuente de adquisición Total de préstamos Signatura topográfica completa Código de barras Visto por última vez Precio de reemplazo Tipo de ítem Koha
        Libros del s. XIX Biblioteca del Ateneo de Madrid Biblioteca del Ateneo de Madrid Sala Pecera Planta 2 17/01/2008     F-12043 1163428 23/02/2023 23/02/2023 Libro impreso antiguo